000 01046nam a22002655a 4500
003 OSt
005 20170306152015.0
008 170226s2016 ua frb 000 0 ara d
015 _a2014 / 22983
020 _a9789770476772
040 _aEG-ScBUE
_bara
_cEG-ScBUE
043 _af-ua---
082 0 4 _222
_a346.6207
_bق ر م
100 1 _aقرمان، عبد الرحمن السيد.
245 1 0 _aمبادئ القانون التجاري :
_bنظرية الأعمال التجارية - التاجر - المتجر /
_cعبد الرحمن السيد قرمان.
246 3 6 _aمبادئ القانون التجاري :
_bالأعمال التجارية والتاجر والمحل التجاري
250 _aط. 2.
260 _aالقاهرة :
_bدار النهضة العربية،
_c2016.
300 _a260 ص. ؛
_c24 سم.
504 _aيشتمل على إرجاعات ببليوجرافية.
650 7 _2BUEsh
_aالقانون التجاري
_941150
_zمصر.
651 _2BUEsh
653 _bLLAAWW
_cMarch2017
942 _2ddc
999 _c24347
_d24319